[Event "Wuerttemberg-ch KT"]
[Site "Stuttgart"]
[Date "2015.08.30"]
[Round "2"]
[White "Schoembs, Oliver"]
[Black "Schreiber, Stephan"]
[Result "1-0"]
[WhiteElo "1917"]
[BlackElo "1792"]
[PlyCount "93"]
[EventDate "2015.08.29"]
[EventType "swiss"]
[EventRounds "9"]
[EventCountry "GER"]
[SourceTitle "EXT 2017"]
[Source "ChessBase"]
[SourceDate "2016.10.25"]
[SourceVersion "1"]
[SourceVersionDate "2016.10.25"]
[SourceQuality "1"]

1. e4 c5 2. Nf3 d6 3. d4 cxd4 4. Nxd4 Nf6 5. Nc3 a6 6. Be3 e6 7. Be2 Be7 8. g4 0-0 9. g5 Nfd7 10. h4 f6 11. Nxe6 Qa5 12. Nxf8 Nxf8 13. gxf6 Bxf6 14. Qd5+ Qxd5 15. Nxd5 Bd8 16. 0-0-0 Be6 17. Nf4 Bf7 18. Rxd6 Nc6 19. Kb1 Bf6 20. Nh5 Be7 21. Rdd1 Ng6 22. f4 Re8 23. f5 Nf8 24. Nf4 Bf6 25. Nd5 Bxd5 26. Rxd5 Rxe4 27. Rh3 Ne7 28. Rc5 Bxh4 29. Bd3 Rg4 30. Rc7 b5 31. Rxh4 Rxh4 32. Rxe7 Rh1+ 33. Bc1 h5 34. Be4 Rf1 35. b3 h4 36. Bd5+ Kh8 37. Re4 g5 38. fxg6 Nxg6 39. Rg4 Kh7 40. Be4 Rf6 41. Rxh4+ Kg8 42. Rg4 Kf7 43. Kb2 Ne5 44. Bd5+ Ke7 45. Re4 Re6 46. Kc3 Nc6 47. Bg5+ 1-0

[Event "Wuerttemberg-ch KT"]
[Site "Stuttgart"]
[Date "2015.08.29"]
[Round "1"]
[White "Schreiber, Stephan"]
[Black "Klaiss, Thomas"]
[Result "0-1"]
[WhiteElo "1792"]
[BlackElo "1979"]
[PlyCount "60"]
[EventDate "2015.08.29"]
[EventType "swiss"]
[EventRounds "9"]
[EventCountry "GER"]
[SourceTitle "EXT 2017"]
[Source "ChessBase"]
[SourceDate "2016.10.25"]
[SourceVersion "1"]
[SourceVersionDate "2016.10.25"]
[SourceQuality "1"]

1. d4 e6 2. Bf4 Nf6 3. e3 Be7 4. c4 d5 5. c5 0-0 6. Bd3 b6 7. b4 a5 8. bxa5 bxc5 9. dxc5 Bxc5 10. Nf3 Bb4+ 11. Nbd2 Bxa5 12. h3 c5 13. 0-0 c4 14. Bc2 Ba6 15. Re1 Nc6 16. a3 Bc3 17. Rb1 e5 18. Ba4 exf4 19. Bxc6 fxe3 20. fxe3 Ra7 21. Nd4 Bxd4 22. exd4 Qc7 23. Ba4 Bc8 24. Nf3 Bf5 25. Rb5 Qg3 26. Re2 Bxh3 27. Ne1 Bg4 28. Bc2 Rxa3 29. Qd2 Bxe2 30. Qxe2 Re3 0-1

[Event "Stuttgart-chB op"]
[Site "Ditzingen"]
[Date "2015.05.17"]
[Round "7"]
[White "Schreiber, Stephan"]
[Black "Schroeck, Holger"]
[Result "1-0"]
[WhiteElo "1767"]
[BlackElo "1499"]
[PlyCount "67"]
[EventDate "2015.05.17"]
[EventType "swiss"]
[EventRounds "7"]
[EventCountry "GER"]
[SourceTitle "EXT 2018"]
[Source "ChessBase"]
[SourceDate "2017.10.13"]
[SourceVersion "1"]
[SourceVersionDate "2017.10.13"]
[SourceQuality "1"]

1. d4 d5 2. Bf4 Nf6 3. e3 e6 4. Bd3 c5 5. c3 c4 6. Bc2 Bd7 7. Nf3 Nc6 8. Nbd2 Be7 9. 0-0 Nh5 10. Ne5 Nxf4 11. exf4 Nxe5 12. fxe5 Qc7 13. Qh5 g6 14. Qg4 h5 15. Qe2 0-0-0 16. f4 Rdf8 17. Nf3 Qd8 18. b3 Bb5 19. bxc4 Bxc4 20. Bd3 Bxd3 21. Qxd3 g5 22. fxg5 Bxg5 23. c4 Bf4 24. Rab1 Rfg8 25. Qb3 b6 26. c5 h4 27. cxb6 Bxh2+ 28. Nxh2 axb6 29. Qxb6 Rxg2+ 30. Kxg2 h3+ 31. Kh1 Qh4 32. Qc6+ Kd8 33. Qd6+ Kc8 34. Rb8# 1-0

[Event "Stuttgart-chB op"]
[Site "Ditzingen"]
[Date "2015.05.16"]
[Round "6"]
[White "Theuer, Tobias"]
[Black "Schreiber, Stephan"]
[Result "1-0"]
[WhiteElo "1560"]
[BlackElo "1767"]
[PlyCount "55"]
[EventDate "2015.05.17"]
[EventType "swiss"]
[EventRounds "7"]
[EventCountry "GER"]
[SourceTitle "EXT 2018"]
[Source "ChessBase"]
[SourceDate "2017.10.13"]
[SourceVersion "1"]
[SourceVersionDate "2017.10.13"]
[SourceQuality "1"]

1. e4 c5 2. Nf3 d6 3. d4 cxd4 4. Nxd4 Nf6 5. Nc3 a6 6. Bd3 e6 7. 0-0 Be7 8. b3 0-0 9. Bb2 Qc7 10. Re1 b5 11. Kh1 Bb7 12. a3 Nc6 13. Nxc6 Bxc6 14. f4 Rfd8 15. Qe2 Rac8 16. Nd1 d5 17. Bxf6 Bxf6 18. e5 Be7 19. f5 Bc5 20. Nf2 exf5 21. Bxf5 Rb8 22. e6 fxe6 23. Bxe6+ Kh8 24. Nh3 Rf8 25. Ng5 Rbe8 26. Qh5 h6 27. Qg6 hxg5 28. Qh5# 1-0

[Event "Stuttgart-chB int"]
[Site "Ditzingen"]
[Date "2014.05.29"]
[Round "2"]
[White "Gheng, Dominik"]
[Black "Schreiber, Stephan"]
[Result "0-1"]
[WhiteElo "1556"]
[BlackElo "1779"]
[PlyCount "114"]
[EventDate "2014.05.29"]
[EventType "swiss"]
[EventRounds "7"]
[EventCountry "GER"]
[SourceTitle "EXT 2015"]
[Source "ChessBase"]
[SourceDate "2014.11.20"]
[SourceVersion "1"]
[SourceVersionDate "2014.11.20"]
[SourceQuality "1"]

1. e4 c5 2. c4 d6 3. Nc3 Nf6 4. g3 e6 5. Bg2 Be7 6. Nge2 Nc6 7. 0-0 0-0 8. d3 a6 9. a3 Rb8 10. a4 b6 11. f4 Qc7 12. Be3 Bb7 13. d4 cxd4 14. Nxd4 Rfc8 15. b3 Nb4 16. Rc1 Nd7 17. Qd2 Nc5 18. Ncb5 axb5 19. Nxb5 Qd8 20. Qxb4 Nd3 21. Qd2 Nxc1 22. Rxc1 Ba6 23. Nd4 Bb7 24. Rd1 d5 25. exd5 exd5 26. Nf5 dxc4 27. Qxd8+ Bxd8 28. Bxb7 Rxb7 29. bxc4 f6 30. Nd6 Rd7 31. Nxc8 Rxd1+ 32. Kf2 Rb1 33. Ke2 Rb4 34. Kf3 Rxc4 35. Nxb6 Bxb6 36. Bxb6 Rxa4 37. Be3 f5 38. h3 Kf7 39. h4 Ra3 40. Kf2 Ke6 41. Bc5 Rb3 42. Kg2 Kd5 43. Bf2 Ke4 44. Kh3 Kf3 45. Bd4 Rd3 46. Bc5 Rd2 47. Bb4 Rg2 48. Bc5 Rxg3+ 49. Kh2 Rg4 50. Bd6 Rxh4+ 51. Kg1 Rxf4 52. Bxf4 Kxf4 53. Kg2 Ke3 54. Kg3 f4+ 55. Kg2 Ke2 56. Kh2 f3 57. Kg1 f2+ 0-1

[Event "Stuttgart-chB int"]
[Site "Ditzingen"]
[Date "2014.05.29"]
[Round "1"]
[White "Schreiber, Stephan"]
[Black "Gottwald, Helmut"]
[Result "1-0"]
[WhiteElo "1779"]
[BlackElo "1597"]
[PlyCount "110"]
[EventDate "2014.05.29"]
[EventType "swiss"]
[EventRounds "7"]
[EventCountry "GER"]
[SourceTitle "EXT 2015"]
[Source "ChessBase"]
[SourceDate "2014.11.20"]
[SourceVersion "1"]
[SourceVersionDate "2014.11.20"]
[SourceQuality "1"]

1. d4 Nf6 2. Bf4 e6 3. e3 d5 4. Bd3 c5 5. c3 cxd4 6. exd4 Qb6 7. Qb3 Qxb3 8. axb3 Be7 9. Bxb8 Rxb8 10. Rxa7 0-0 11. Nf3 Bd6 12. 0-0 b5 13. Nbd2 b4 14. c4 dxc4 15. bxc4 Bb7 16. b3 Rfd8 17. Re1 Bf4 18. Ne4 Nd7 19. Rd1 Bxe4 20. Bxe4 Ne5 21. g3 Nxf3+ 22. Bxf3 Bg5 23. Ra2 Bf6 24. Rad2 Rd6 25. d5 Bc3 26. Rd3 Rbd8 27. c5 Ra6 28. dxe6 Rxd3 29. exf7+ Kxf7 30. Rxd3 Ra1+ 31. Kg2 Ke7 32. c6 Rc1 33. Rd7+ Ke8 34. Rb7 Be5 35. Rxb4 Kd8 36. Rb7 Rb1 37. b4 Kc8 38. Bg4+ Kd8 39. Rd7+ Ke8 40. c7 Bxc7 41. Rxc7 Rxb4 42. Rxg7 Kf8 43. Rg5 h6 44. Rf5+ Kg7 45. Bh5 Rd4 46. Rf7+ Kg8 47. Ra7 Rd6 48. f4 Rd2+ 49. Kf3 Rd3+ 50. Kg4 Rd4 51. Bg6 Rd2 52. h4 Rd6 53. Kf5 Rd2 54. h5 Rd6 55. Ke5 Rd2 1-0

[Event "Stuttgart-chB int"]
[Site "Ditzingen"]
[Date "2014.05.29"]
[Round "3"]
[White "Schreiber, Stephan"]
[Black "Schoembs, Oliver"]
[Result "1/2-1/2"]
[WhiteElo "1779"]
[BlackElo "1864"]
[PlyCount "148"]
[EventDate "2014.05.29"]
[EventType "swiss"]
[EventRounds "7"]
[EventCountry "GER"]
[SourceTitle "EXT 2015"]
[Source "ChessBase"]
[SourceDate "2014.11.20"]
[SourceVersion "1"]
[SourceVersionDate "2014.11.20"]
[SourceQuality "1"]

1. d4 Nf6 2. Bf4 d6 3. e3 g6 4. Be2 Bg7 5. h3 c5 6. c3 Qa5 7. Nf3 Be6 8. Nbd2 Nc6 9. Ng5 Bd5 10. e4 h6 11. exd5 hxg5 12. Bxd6 Nxd4 13. Nc4 Qd8 14. Bxc5 Nxe2 15. Qxe2 Rh4 16. Ne3 Rc8 17. Bd4 Kf8 18. g3 Rh8 19. 0-0-0 Qa5 20. Kb1 Ne4 21. Bxg7+ Kxg7 22. Nc4 Qb5 23. Qxe4 Rxc4 24. Qe5+ Kh7 25. Qxe7 Re8 26. Qxf7+ Kh6 27. h4 gxh4 28. Rd4 Rxd4 29. cxd4 Qd3+ 30. Ka1 Qe4 31. Qf4+ Qxf4 32. gxf4 Kh5 33. f3 Re3 34. Kb1 Rd3 35. Kc2 Rxd4 36. Kc3 Rxd5 37. Rh3 Rf5 38. Kd4 Rxf4+ 39. Ke3 Rf7 40. b3 g5 41. Rh2 Kg6 42. Rd2 Re7+ 43. Kf2 Rg7 44. Kg2 Kf5 45. Rd4 g4 46. Rd5+ Ke6 47. Rh5 h3+ 48. Kg3 gxf3+ 49. Kxf3 Rc7 50. Ke4 Rc2 51. Rh6+ Kd7 52. Rxh3 Rxa2 53. Kd5 Rd2+ 54. Kc5 Kc7 55. Rh7+ Rd7 56. Rh3 b6+ 57. Kb5 Rd5+ 58. Kb4 a5+ 59. Ka4 Kc6 60. Rh4 Rd3 61. Ka3 Kb5 62. Kb2 Rg3 63. Rh5+ Kb4 64. Rh4+ Kb5 65. Rh5+ Ka6 66. Rf5 Rg4 67. Rh5 a4 68. bxa4 Rxa4 69. Kb3 Rg4 70. Rf5 b5 71. Rf8 Rh4 72. Ra8+ Kb7 73. Rg8 Kc6 74. Rg5 Rf4 1/2-1/2

[Event "Oeffingen op 4th"]
[Site "Oeffingen"]
[Date "2013.05.17"]
[Round "1"]
[White "Schreiber, Stephan"]
[Black "Schnepp, Gunnar"]
[Result "0-1"]
[WhiteElo "1737"]
[BlackElo "2245"]
[PlyCount "66"]
[EventDate "2013.05.17"]
[EventType "swiss"]
[EventRounds "7"]
[EventCountry "GER"]
[SourceTitle "CBM 154 Extra"]
[Source "ChessBase"]
[SourceDate "2013.06.25"]
[SourceVersion "2"]
[SourceVersionDate "2013.06.25"]
[SourceQuality "1"]

1. d4 Nf6 2. Bf4 b6 3. e3 Bb7 4. h3 g6 5. Nf3 Bg7 6. Be2 0-0 7. Nbd2 d6 8. c3 Nbd7 9. 0-0 Nd5 10. Bh2 e5 11. dxe5 dxe5 12. Qc2 a5 13. Rad1 Qe7 14. Bc4 Kh8 15. Nb3 N5f6 16. Qe2 a4 17. Nc1 Ra5 18. a3 Ne4 19. Nd3 Nxc3 20. bxc3 e4 21. Nd4 exd3 22. Qxd3 Nc5 23. Qc2 Ne4 24. Nb5 Ba6 25. Qd3 Bxb5 26. Bxb5 Nxc3 27. Qd7 Qxd7 28. Bxd7 Nxd1 29. Rxd1 Be5 30. f4 Bd6 31. Rd3 Kg7 32. e4 Rd8 33. Bc6 Bc5+ 0-1

[Event "Stuttgart-chB int"]
[Site "Ditzingen"]
[Date "2012.05.19"]
[Round "5"]
[White "Haefele, Torsten"]
[Black "Schreiber, Stephan"]
[Result "1-0"]
[WhiteElo "1615"]
[BlackElo "1708"]
[PlyCount "51"]
[EventDate "2012.05.17"]
[EventType "swiss"]
[EventRounds "7"]
[EventCountry "GER"]
[SourceTitle "EXT 2018"]
[Source "ChessBase"]
[SourceDate "2017.10.13"]
[SourceVersion "1"]
[SourceVersionDate "2017.10.13"]
[SourceQuality "1"]

1. e4 c5 2. d4 cxd4 3. c3 dxc3 4. Nxc3 d6 5. Bc4 e6 6. Nf3 Be7 7. 0-0 Nc6 8. Qe2 a6 9. Rd1 Qc7 10. Bf4 b5 11. Bxb5 axb5 12. Nxb5 Qb8 13. Bxd6 Bxd6 14. Nxd6+ Ke7 15. Rac1 Bd7 16. Nxf7 Kxf7 17. Rxd7+ Ke8 18. Rxg7 Nge7 19. Ng5 Nd4 20. Qh5+ Kd7 21. Rd1 Qxb2 22. Nxe6 Kxe6 23. Qf7+ Ke5 24. Qxe7+ Kf4 25. Qg5+ Kxe4 26. Re7+ 1-0

[Event "Stuttgart-chB int"]
[Site "Ditzingen"]
[Date "2012.05.17"]
[Round "1"]
[White "Beyer, Andre"]
[Black "Schreiber, Stephan"]
[Result "0-1"]
[WhiteElo "1417"]
[BlackElo "1708"]
[PlyCount "98"]
[EventDate "2012.05.17"]
[EventType "swiss"]
[EventRounds "7"]
[EventCountry "GER"]
[SourceTitle "EXT 2018"]
[Source "ChessBase"]
[SourceDate "2017.10.13"]
[SourceVersion "1"]
[SourceVersionDate "2017.10.13"]
[SourceQuality "1"]

1. d4 e5 2. dxe5 Nc6 3. Nf3 Qe7 4. Bf4 Qb4+ 5. Bd2 Qxb2 6. Nc3 Bb4 7. Rb1 Qa3 8. Nb5 Qa5 9. Nxc7+ Qxc7 10. Bxb4 Nxb4 11. Rxb4 Qc3+ 12. Qd2 Qa1+ 13. Qd1 Qxa2 14. Rg4 Qa5+ 15. Qd2 Qa1+ 16. Qd1 Qxd1+ 17. Kxd1 Ne7 18. Rxg7 Ng6 19. Ng5 Nxe5 20. Rxh7 Rxh7 21. Nxh7 Ke7 22. Ng5 d5 23. h4 Bf5 24. Nf3 Ng4 25. Ke1 Bxc2 26. Nd4 Bh7 27. e3 Rc8 28. Ke2 Rc1 29. f3 Ne5 30. Kd2 Ra1 31. Ke2 a5 32. g4 a4 33. Bg2 Ra2+ 34. Kf1 Nd3 35. Kg1 Ne1 36. Rh2 Rxg2+ 37. Rxg2 Nxg2 38. Kxg2 Bd3 39. Kf2 Kd6 40. Ke1 Kc5 41. Kd2 Kc4 42. Nc2 Bh7 43. Na1 b5 44. f4 b4 45. f5 b3 46. Kc1 Kc3 47. Kb1 Kd3 48. Kb2 Kxe3 49. Ka3 Kf4 0-1

[Event "Stuttgart-chB int"]
[Site "Gerlingen"]
[Date "2011.06.03"]
[Round "3"]
[White "Riegel, Frank"]
[Black "Schreiber, Stephan"]
[Result "1-0"]
[WhiteElo "1872"]
[BlackElo "1718"]
[PlyCount "69"]
[EventDate "2011.06.02"]
[EventType "swiss"]
[EventRounds "7"]
[EventCountry "GER"]
[SourceTitle "EXT 2018"]
[Source "ChessBase"]
[SourceDate "2017.10.13"]
[SourceVersion "1"]
[SourceVersionDate "2017.10.13"]
[SourceQuality "1"]

1. e4 c5 2. c4 d6 3. Nc3 Nf6 4. d3 e6 5. g3 Nc6 6. Bg2 Qc7 7. Nge2 Be7 8. 0-0 0-0 9. h3 a6 10. g4 Rb8 11. f4 h6 12. g5 hxg5 13. fxg5 Nh7 14. h4 e5 15. Ng3 g6 16. Be3 Qd7 17. Nd5 Qg4 18. Qe1 Qxh4 19. Nf5 Qxe1 20. Nfxe7+ Kg7 21. Raxe1 Be6 22. Rf2 Rfe8 23. Nxc6 bxc6 24. Nc7 Re7 25. Nxe6+ Rxe6 26. Ref1 f6 27. Bh3 f5 28. exf5 gxf5 29. Bxf5 Re7 30. Bxh7 Kxh7 31. Rf7+ Rxf7 32. Rxf7+ Kg8 33. g6 Rxb2 34. Bh6 Rb8 35. Rf6 1-0

[Event "Stuttgart-chB int"]
[Site "Gerlingen"]
[Date "2011.06.02"]
[Round "1"]
[White "Groetzinger, Werner"]
[Black "Schreiber, Stephan"]
[Result "0-1"]
[WhiteElo "1417"]
[BlackElo "1718"]
[PlyCount "84"]
[EventDate "2011.06.02"]
[EventType "swiss"]
[EventRounds "7"]
[EventCountry "GER"]
[SourceTitle "EXT 2018"]
[Source "ChessBase"]
[SourceDate "2017.10.13"]
[SourceVersion "1"]
[SourceVersionDate "2017.10.13"]
[SourceQuality "1"]

1. c4 c5 2. Nc3 d6 3. Nf3 Nf6 4. g3 e6 5. Bg2 Be7 6. 0-0 0-0 7. e3 Qc7 8. d3 a6 9. a3 b6 10. Rb1 Bb7 11. b4 Nbd7 12. Qb3 Rab8 13. b5 a5 14. Qd1 Rfd8 15. e4 Ne5 16. Bf4 Rbc8 17. a4 Nfd7 18. Rb3 Bf6 19. h3 h6 20. g4 Ng6 21. Bg3 Nde5 22. Qe2 Nxf3+ 23. Bxf3 Be5 24. Kg2 Nf4+ 25. Bxf4 Bxf4 26. Qd1 Qe7 27. Ne2 Be5 28. Qd2 d5 29. exd5 exd5 30. cxd5 Bxd5 31. Bxd5 Rxd5 32. Re1 Qb7 33. f3 Rcd8 34. Nc1 Qc7 35. Re4 c4 36. Rxc4 Qxc4 37. Qe3 Qf4 38. Qxf4 Bxf4 39. Ne2 Be5 40. f4 Bf6 41. d4 Bxd4 42. Kf3 Bc5 0-1

[Event "Stuttgart-chB int"]
[Site "Ditzingen"]
[Date "2010.05.15"]
[Round "5"]
[White "Weigel, Curt"]
[Black "Schreiber, Stephan"]
[Result "1/2-1/2"]
[WhiteElo "1554"]
[BlackElo "1703"]
[PlyCount "50"]
[EventDate "2010.05.13"]
[EventType "swiss"]
[EventRounds "7"]
[EventCountry "GER"]
[SourceTitle "EXT 2018"]
[Source "ChessBase"]
[SourceDate "2017.10.13"]
[SourceVersion "1"]
[SourceVersionDate "2017.10.13"]
[SourceQuality "1"]

1. c4 Nf6 2. Nc3 g6 3. e4 d6 4. d4 Bg7 5. f4 0-0 6. e5 dxe5 7. fxe5 Ne8 8. Nf3 e6 9. Be2 f6 10. 0-0 fxe5 11. Bg5 Bf6 12. Bxf6 Nxf6 13. Nxe5 Nbd7 14. Nf3 b6 15. Ng5 Qe7 16. Bf3 Rb8 17. Nb5 Ne8 18. Qd2 Rf5 19. Nxe6 Ndf6 20. Nf4 Ne4 21. Qe3 Bb7 22. Bg4 Rf6 23. Rae1 N8d6 24. Qb3 c5 25. d5 Qf8 1/2-1/2

[Event "Stuttgart-chB int"]
[Site "Ditzingen"]
[Date "2008.05.01"]
[Round "3"]
[White "Follmer, Helmuth"]
[Black "Schreiber, Stephan"]
[Result "1/2-1/2"]
[WhiteElo "1807"]
[BlackElo "1646"]
[PlyCount "93"]
[EventDate "2008.05.01"]
[EventType "swiss"]
[EventRounds "7"]
[EventCountry "GER"]
[SourceTitle "EXT 2018"]
[Source "ChessBase"]
[SourceDate "2017.10.13"]
[SourceVersion "1"]
[SourceVersionDate "2017.10.13"]
[SourceQuality "1"]

1. d4 e5 2. dxe5 Nc6 3. Nf3 Qe7 4. Nc3 Nxe5 5. e4 Nf6 6. Nxe5 Qxe5 7. Qe2 Ba3 8. Rb1 Bc5 9. f3 0-0 10. Be3 Bb4 11. Qc4 Bxc3+ 12. Qxc3 Qxc3+ 13. bxc3 b6 14. Kf2 a5 15. Bd3 d6 16. h4 Nd7 17. g4 Nc5 18. h5 Be6 19. a3 f6 20. Rbg1 h6 21. f4 Nxd3+ 22. cxd3 d5 23. Ke1 dxe4 24. dxe4 Rad8 25. g5 fxg5 26. fxg5 hxg5 27. Rxg5 Kh7 28. Rg6 Bb3 29. Rhg1 Rd1+ 30. Ke2 Rxg1 31. Rxg1 Bc4+ 32. Kd2 Re8 33. Bf4 Rxe4 34. Bxc7 Re2+ 35. Kc1 Re6 36. Rg5 a4 37. Rg4 b5 38. Rg3 Re1+ 39. Kd2 Re2+ 40. Kd1 Kh6 41. Rg4 Re7 42. Bf4+ Kxh5 43. Rg5+ Kh4 44. Rg6 Rf7 45. Be5 Kh5 46. Rxg7 Rxg7 47. Bxg7 1/2-1/2

[Event "Stuttgart-chB int"]
[Site "Gerlingen"]
[Date "2007.05.19"]
[Round "6"]
[White "Schreiber, Stephan"]
[Black "Jenke, Thomas Marcus"]
[Result "0-1"]
[WhiteElo "1645"]
[BlackElo "1800"]
[PlyCount "60"]
[EventDate "2007.05.17"]
[EventType "swiss"]
[EventRounds "7"]
[EventCountry "GER"]
[SourceTitle "EXT 2018"]
[Source "ChessBase"]
[SourceDate "2017.10.13"]
[SourceVersion "1"]
[SourceVersionDate "2017.10.13"]
[SourceQuality "1"]

1. e4 c5 2. Nf3 e6 3. d4 cxd4 4. Nxd4 Nf6 5. Bd3 Nc6 6. Nxc6 bxc6 7. 0-0 e5 8. b3 Bc5 9. Ba3 Bxa3 10. Nxa3 0-0 11. Re1 Qc7 12. Nc4 Re8 13. h3 Bb7 14. Qd2 d5 15. Nb2 Rad8 16. Qe2 dxe4 17. Bxe4 Nxe4 18. Qxe4 c5 19. Qe3 Qc6 20. f3 Ba6 21. c4 Rd4 22. Rad1 Bb7 23. Nd3 e4 24. Nxc5 Rxd1 25. Rxd1 exf3 26. Qxe8+ Qxe8 27. Nxb7 Qe3+ 28. Kh2 g5 29. Rf1 f2 30. g3 Qe1 0-1

[Event "Stuttgart-chB int"]
[Site "Ditzingen"]
[Date "2006.05.27"]
[Round "5"]
[White "Schreiber, Stephan"]
[Black "Smolny, Frieder"]
[Result "0-1"]
[WhiteElo "1632"]
[BlackElo "1736"]
[PlyCount "78"]
[EventDate "2006.05.25"]
[EventType "swiss"]
[EventRounds "7"]
[EventCountry "GER"]
[SourceTitle "EXT 2018"]
[Source "ChessBase"]
[SourceDate "2017.10.13"]
[SourceVersion "1"]
[SourceVersionDate "2017.10.13"]
[SourceQuality "1"]

1. e4 c5 2. Nf3 e6 3. Nc3 Nc6 4. d4 cxd4 5. Nxd4 Qc7 6. Ndb5 Qb8 7. Bc4 a6 8. Nd4 Qc7 9. 0-0 Nf6 10. Re1 Bb4 11. Bg5 Ne5 12. Bb3 Bxc3 13. bxc3 Qxc3 14. Re3 Qc5 15. Bxf6 gxf6 16. Qd2 Rg8 17. Rc3 Qd6 18. Rd1 Nc6 19. Nxc6 Qxd2 20. Rxd2 bxc6 21. Rh3 Rg7 22. Rh6 Ke7 23. Rd3 d5 24. exd5 cxd5 25. Rdh3 a5 26. a4 Bd7 27. Rxh7 Rxh7 28. Rxh7 Rb8 29. Kf1 Rb4 30. h4 Bxa4 31. Bxa4 Rxa4 32. Rh8 Ra1+ 33. Ke2 a4 34. h5 a3 35. h6 a2 36. h7 Re1+ 37. Kxe1 a1Q+ 38. Kd2 Qh1 39. g4 Qh6+ 0-1